| Tag |
First Indicator |
Second Indicator |
Subfields |
| LEADER |
00000cam a2200000 a 4500 |
| 001 |
in00000725421 |
| 005 |
20151016083417.0 |
| 008 |
860923c19861985nyu 00011 eng d |
| 010 |
|
|
|a 85009057
|
| 020 |
|
|
|a 0812521005 :
|c $3.95
|
| 035 |
|
|
|a (OCoLC)14254164
|
| 035 |
|
|
|9 ADG8034AM
|
| 040 |
|
|
|a IOS
|c IOS
|d m/c
|d TXA
|d UtOrBLW
|
| 049 |
|
|
|a TXAS
|c [A11564022]
|
| 050 |
|
4 |
|a PR6062.A933
|b G4 1986
|
| 100 |
1 |
|
|a Laws, Stephen.
|
| 245 |
1 |
0 |
|a Ghost train /
|c Stephen Laws.
|
| 264 |
|
1 |
|a New York :
|b Tom Doherty Associates,
|c 1986
|
| 264 |
|
4 |
|c ©1985
|
| 300 |
|
|
|a 314 pages ;
|c 18 cm.
|
| 336 |
|
|
|a text
|b txt
|2 rdacontent
|
| 337 |
|
|
|a unmediated
|b n
|2 rdamedia
|
| 338 |
|
|
|a volume
|b nc
|2 rdacarrier
|
| 500 |
|
|
|a "A TOR book."
|
| 999 |
|
|
|a MARS
|
| 999 |
f |
f |
|s 211c6b0c-f87d-3ab1-a247-31a8452312d3
|i 2d9622ab-19b0-3b23-84c0-30e46db871bd
|t 0
|
| 952 |
f |
f |
|p noncirc
|a Texas A&M University
|b College Station
|c Cushing Memorial Library & Archives
|d Cushing: Science Fiction (Does not check out)
|t 0
|e PR6062.A933 G4 1986
|h Library of Congress classification
|i unmediated -- volume
|
| 998 |
f |
f |
|a PR6062.A933 G4 1986
|t 0
|l Cushing: Science Fiction (Does not check out)
|